Fußballer mit höchstem Marktwert nach Buchstabe - einfach - Statistiken

Allgemein
  • Dieses Quiz wurde 235 mal gespielt
  • Das Durchschnittsergebnis liegt bei 21 aus 26
Antwortstatistiken
Buchstabe Marktwert in Mio. Nationalität Verein Spieler % Korrekt
B 180 England Real Madrid Jude Bellingham
97%
M 180 Frankreich Real Madrid Kylian Mbappe
96%
H 200 Norwegen Manchester City Erling Haaland
95%
K 100 England FC Bayern München Harry Kane
93%
W 130 Deutschland Bayer 04 Leverkusen Florian Wirtz
91%
F 180 England Manchester City Phil Foden
91%
Y 150 Spanien FC Barcelona Lamine Yamal
89%
R* 130 Spanien Manchester City Rodri
89%
O 110 Norwegen FC Arsenal Martin Odegaard
88%
V* 200 Brasilien Real Madrid Vinicius Junior
88%
G* 90 Spanien FC Barcelona Gavi
87%
I 75 Schweden Newcastle United Alexander Isak
86%
X 20 Schweiz Bayer 04 Leverkusen Granit Xhaka
86%
L 90 Portugal AC Milan Rafael Leao
86%
C 100 Frankreich Real Madrid Eduardo Camavinga
84%
A 75 Argentinien Atlético Madrid Julian Alvarez
84%
S 140 England FC Arsenal Bukayo Saka
82%
D 80 Kolumbien FC Liverpool Luis Diaz
80%
P 90 England FC Chelsea Cole Palmer
77%
T 100 Frankreich Real Madrid Aurelien Tchouameni
74%
J 55 Brasilien FC Arsenal Gabriel Jesus
72%
N 65 Frankreich FC Chelsea / FC Liverpool Christopher Nkunku / Darwin Nunez
64%
U 50 Uruguay Manchester United Manuel Ugarte
63%
E(*) 60 England Crystal Palace / Real Madrid Eberechi Eze / Endrick
61%
Z 60 Spanien Real Sociedad / Paris Saint-Germain Martin Zubimendi / Warren Zaire-Emery
56%
Q 22 England FC Liverpool Jarell Quansah
41%
Keine übereinstimmenden Quizze gefunden
Verteilung der Resultate
Anzahl Personen mit jedem Resultat
Perzentil nach korrekt beantworteten Fragen
Ihre Resultats-Entwicklung
Sie haben dieses Quiz noch nicht gespielt